[Event "Benidorm op-B"]
[Site "Benidorm"]
[Date "2022.12.07"]
[Round "5"]
[White "Stokes, Paul C"]
[Black "Selva Salvador, Antonio"]
[Result "0-1"]
[WhiteElo "1791"]
[BlackElo "1954"]
[PlyCount "70"]
[EventDate "2022.12.03"]
[EventType "swiss"]
[EventRounds "9"]
[EventCountry "ESP"]
[SourceTitle "CBM 212 Extra"]
[Source "ChessBase"]
[SourceDate "2023.03.31"]
[SourceVersion "1"]
[SourceVersionDate "2023.03.31"]
[SourceQuality "1"]

1. d4 c5 2. d5 d6 3. Nc3 Nf6 4. e4 g6 5. Nf3 Bg7 6. Bd3 0-0 7. 0-0 b6 8. Qe2 a6 9. a4 e6 10. Rd1 exd5 11. Nxd5 Nxd5 12. exd5 Re8 13. Qf1 Bg4 14. Be2 Qe7 15. Be3 Qf6 16. c3 h6 17. h3 Bf5 18. Nh2 Qe7 19. Bd3 Bxd3 20. Qxd3 Nd7 21. Nf3 Nf6 22. Bf4 Qd7 23. Re1 Rxe1+ 24. Rxe1 Qxa4 25. Bxd6 Qd7 26. Bf4 Qxd5 27. Qc2 b5 28. Rd1 Qc4 29. Qd2 Ne4 30. Qd5 Qxd5 31. Rxd5 b4 32. cxb4 cxb4 33. Be5 a5 34. Rd4 Ng5 35. Nxg5 Bxe5 0-1

[Event "Rutas de Cuenca op 6th"]
[Site "Cuenca"]
[Date "2019.07.21"]
[Round "6"]
[White "Selva Salvador, Antonio"]
[Black "Diaz Rodriguez, Jose Antonio"]
[Result "0-1"]
[WhiteElo "1797"]
[BlackElo "1995"]
[PlyCount "72"]
[EventDate "2019.07.19"]
[EventType "swiss"]
[EventRounds "7"]
[EventCountry "ESP"]
[SourceTitle "CBM 195 Extra"]
[Source "ChessBase"]
[SourceDate "2020.05.31"]
[SourceVersion "1"]
[SourceVersionDate "2020.05.31"]
[SourceQuality "1"]

1. d4 Nf6 2. Nf3 d6 3. b3 Bg4 4. Nbd2 c6 5. Bb2 Qa5 6. e3 Ne4 7. Be2 Nd7 8. 0-0 Nc3 9. Bxc3 Qxc3 10. h3 Bh5 11. Rb1 Qa5 12. b4 Qc7 13. b5 c5 14. c4 e6 15. Nb3 Be7 16. Nfd2 Bg6 17. Rc1 0-0 18. Bf3 Rad8 19. Qe2 e5 20. Rfd1 f5 21. dxc5 dxc5 22. Bd5+ Kh8 23. Nb1 e4 24. Rc2 Nf6 25. Nc3 Bh5 26. f3 b6 27. Nd2 Qe5 28. Qf2 g5 29. g4 fxg4 30. f4 gxf4 31. exf4 e3 32. Qg3 Qf5 33. Nde4 gxh3 34. Nxf6 Bxf6 35. Be4 Rxd1+ 36. Nxd1 Qxe4 0-1

[Event "Lisbon Portugal op"]
[Site "Lisbon"]
[Date "2019.02.02"]
[Round "1"]
[White "Selva Salvador, Antonio"]
[Black "Kowalski, Igor"]
[Result "0-1"]
[WhiteElo "1825"]
[BlackElo "2296"]
[PlyCount "76"]
[EventDate "2019.02.02"]
[EventType "swiss"]
[EventRounds "9"]
[EventCountry "POR"]
[SourceTitle "CBM 188 Extra"]
[Source "ChessBase"]
[SourceDate "2019.02.26"]
[SourceVersion "1"]
[SourceVersionDate "2019.02.26"]
[SourceQuality "1"]

1. d4 Nf6 2. Nf3 g6 3. b3 Bg7 4. Bb2 0-0 5. Nbd2 d5 6. e3 a5 7. Rc1 a4 8. a3 axb3 9. cxb3 Bf5 10. Nh4 Bd7 11. Bd3 Ne8 12. g3 Bh3 13. Bf1 Bxf1 14. Kxf1 Nd7 15. Nhf3 c5 16. Qc2 cxd4 17. exd4 f6 18. Kg2 e5 19. Rhe1 e4 20. Ng1 f5 21. f4 Rf6 22. Re3 Rc6 23. Rc3 Rac8 24. Rxc6 Rxc6 25. Qd1 Nc5 26. Rxc5 Rxc5 27. dxc5 Bxb2 28. Nb1 Bf6 29. b4 d4 30. Qb3+ Kg7 31. Nh3 e3 32. Ng5 Bxg5 33. fxg5 Qe7 34. Qd1 Qe4+ 35. Qf3 Qxb1 36. Qxb7+ Kf8 37. Qxh7 e2 38. Qh8+ Kf7 0-1

[Event "Valencia Don Quijote Memorial"]
[Site "Valencia"]
[Date "2015.07.08"]
[Round "7"]
[White "Penades Ordaz, Victor"]
[Black "Selva Salvador, Antonio"]
[Result "1-0"]
[WhiteElo "2104"]
[BlackElo "1889"]
[PlyCount "75"]
[EventDate "2015.06.30"]
[EventType "tourn"]
[EventRounds "9"]
[EventCountry "ESP"]
[SourceTitle "CBM 167 Extra"]
[Source "ChessBase"]
[SourceDate "2015.09.14"]
[SourceVersion "1"]
[SourceVersionDate "2015.09.14"]
[SourceQuality "1"]

1. d4 Nf6 2. Bf4 d5 3. e3 e6 4. Nf3 Nbd7 5. h3 c5 6. c3 Be7 7. Nbd2 0-0 8. Bd3 b6 9. Ne5 Bb7 10. Qf3 Re8 11. h4 cxd4 12. exd4 Nxe5 13. Bxe5 Bd6 14. 0-0-0 Bxe5 15. dxe5 Nd7 16. Qe3 Qc7 17. f4 Qc5 18. Rhe1 Rac8 19. Nb3 Qxe3+ 20. Rxe3 Nc5 21. Nd4 a6 22. Kd2 Na4 23. Rb1 b5 24. Bc2 Nb6 25. b3 Rc7 26. g4 Rec8 27. f5 Re8 28. Rf1 Nd7 29. fxe6 fxe6 30. g5 Nc5 31. b4 Nd7 32. h5 Nb8 33. h6 Nc6 34. g6 Nxd4 35. gxh7+ Kh8 36. cxd4 gxh6 37. Ref3 Rcc8 38. Rf6 1-0

[Event "Valencia Don Quijote Memorial"]
[Site "Valencia"]
[Date "2015.07.02"]
[Round "3"]
[White "Nieto Tornero, Jose"]
[Black "Selva Salvador, Antonio"]
[Result "1/2-1/2"]
[WhiteElo "1890"]
[BlackElo "1889"]
[PlyCount "199"]
[EventDate "2015.06.30"]
[EventType "tourn"]
[EventRounds "9"]
[EventCountry "ESP"]
[SourceTitle "CBM 167 Extra"]
[Source "ChessBase"]
[SourceDate "2015.09.14"]
[SourceVersion "1"]
[SourceVersionDate "2015.09.14"]
[SourceQuality "1"]

1. e4 e5 2. Nf3 f5 3. d4 fxe4 4. Nxe5 Nf6 5. Be2 d6 6. Nc4 Be6 7. Bf4 c6 8. a4 Be7 9. Nc3 0-0 10. Bg3 Na6 11. 0-0 Nc7 12. Ne3 d5 13. a5 Qd7 14. Na4 Rf7 15. c3 Raf8 16. b4 g6 17. Nc5 Bxc5 18. bxc5 Nb5 19. Bxb5 cxb5 20. Bd6 Rc8 21. a6 b6 22. f3 Ne8 23. Be5 bxc5 24. dxc5 Rxc5 25. Qd4 Qc6 26. fxe4 dxe4 27. Rxf7 Bxf7 28. Rf1 Qc8 29. Rf4 h5 30. h3 b4 31. cxb4 Rc1+ 32. Kh2 Qxa6 33. Nd5 Qe6 34. Nf6+ Nxf6 35. Rxf6 Qe8 36. Rd6 Rc8 37. Bh8 Qf8 38. Be5 Re8 39. Bf4 e3 40. Bg3 e2 41. Be1 Qe7 42. Bc3 Qe5+ 43. Qxe5 Rxe5 44. Bxe5 e1Q 45. Rd8+ Be8 46. Rxe8+ Kf7 47. Ra8 Qxe5+ 48. Kh1 Qe1+ 49. Kh2 Qxb4 50. Rxa7+ Kf6 51. Ra6+ Kf5 52. Ra1 h4 53. Rf1+ Ke4 54. Kg1 Qd4+ 55. Kh1 Qd3 56. Kg1 g5 57. Rf2 Qe3 58. Kf1 Qg3 59. Re2+ Kd3 60. Rf2 g4 61. hxg4 Qxg4 62. Rf3+ Kd2 63. Rf2+ Kd1 64. Rf3 Qe4 65. Kg1 Ke2 66. Kh2 Qg4 67. Kg1 Qd4+ 68. Kh2 Qe4 69. Kh3 Qe7 70. Kh2 Qg5 71. Kh3 Ke1 72. Kh2 Qg4 73. Kg1 Ke2 74. Kh2 Qb4 75. Kg1 Qe1+ 76. Kh2 Kd2 77. Rh3 Ke2 78. Rf3 Qc1 79. Rh3 Qf4+ 80. Kh1 Ke1 81. Rf3 Qe5 82. Kg1 Qd4+ 83. Kh2 Ke2 84. Kh1 Qd1+ 85. Kh2 Qe1 86. Rh3 Qf2 87. Rf3 Qd4 88. Kh1 Qe4 89. Kh2 Qg4 90. Kg1 Ke1 91. Rf1+ Ke2 92. Rf2+ Ke3 93. Rf3+ Ke4 94. Kh2 Qg5 95. Kh1 Qc5 96. Kh2 Qc1 97. Rh3 Qe1 98. Rf3 Qe2 99. Kg1 h3 100. Rxh3 1/2-1/2

[Event "Valencia Don Quijote Memorial"]
[Site "Valencia"]
[Date "2015.06.30"]
[Round "1"]
[White "Paris Turegano, Javier"]
[Black "Selva Salvador, Antonio"]
[Result "0-1"]
[WhiteElo "1896"]
[BlackElo "1889"]
[PlyCount "82"]
[EventDate "2015.06.30"]
[EventType "tourn"]
[EventRounds "9"]
[EventCountry "ESP"]
[SourceTitle "CBM 167 Extra"]
[Source "ChessBase"]
[SourceDate "2015.09.14"]
[SourceVersion "1"]
[SourceVersionDate "2015.09.14"]
[SourceQuality "1"]

1. Nc3 d5 2. e4 dxe4 3. Nxe4 Nf6 4. Nxf6+ exf6 5. Bc4 Bd6 6. Qh5 Qe7+ 7. Ne2 Nc6 8. Bb5 Bd7 9. 0-0 a6 10. Bxc6 Bxc6 11. Nd4 Bd7 12. Nf5 Bxf5 13. Qxf5 g6 14. Qh3 f5 15. d4 0-0-0 16. c4 Qf6 17. c5 Be7 18. Be3 g5 19. c6 bxc6 20. Rac1 Rd5 21. Qf3 f4 22. Bd2 h5 23. Qe2 Rh6 24. Qxa6+ Kd7 25. Rfe1 f3 26. Re3 fxg2 27. Rce1 Bd8 28. Qa3 Qd6 29. Qxd6+ Rhxd6 30. Bc3 Bf6 31. Kxg2 Rf5 32. Re4 g4 33. R1e3 Bh4 34. f3 gxf3+ 35. Rxf3 Rg6+ 36. Rg3 Bxg3 37. hxg3 Rfg5 38. Be1 Re6 39. Rxe6 Kxe6 40. Kf3 Kd5 41. Kf4 Rg4+ 0-1

[Event "Benidorm op U2000 13th"]
[Site "Benidorm"]
[Date "2014.12.04"]
[Round "7"]
[White "Martinez Perez, Pablo"]
[Black "Selva Salvador, Antonio"]
[Result "1-0"]
[WhiteElo "1710"]
[BlackElo "1896"]
[PlyCount "51"]
[EventDate "2014.11.28"]
[EventType "swiss"]
[EventRounds "10"]
[EventCountry "ESP"]
[SourceTitle "CBM 163 Extra"]
[Source "ChessBase"]
[SourceDate "2014.12.23"]
[SourceVersion "1"]
[SourceVersionDate "2014.12.23"]
[SourceQuality "1"]

1. e4 e6 2. d3 d5 3. Nd2 Nf6 4. Ngf3 dxe4 5. dxe4 Bc5 6. Bd3 Nc6 7. 0-0 Bd7 8. e5 Nd5 9. Ne4 Be7 10. a3 f5 11. exf6 Nxf6 12. Re1 e5 13. Neg5 Bg4 14. h3 Bxf3 15. Qxf3 Qd6 16. Bc4 0-0-0 17. Nf7 Qc5 18. Be6+ Kb8 19. Be3 Nd4 20. Bxd4 Qxd4 21. Nxh8 Rxh8 22. b4 Qd6 23. Bb3 Nd7 24. Red1 Rf8 25. Rxd6 Rxf3 26. Rxd7 1-0

[Event "Cullera op-A 25th"]
[Site "Cullera"]
[Date "2004.07.29"]
[Round "9"]
[White "Remoli Sargues, Francisco"]
[Black "Selva Salvador, Antonio"]
[Result "1-0"]
[WhiteElo "2039"]
[BlackElo "2032"]
[PlyCount "31"]
[EventDate "2004.07.??"]
[EventType "swiss"]
[EventRounds "9"]
[EventCountry "ESP"]
[SourceTitle "CBM 101 Extra"]
[Source "ChessBase"]
[SourceDate "2004.09.01"]
[SourceVersion "2"]
[SourceVersionDate "2004.09.01"]
[SourceQuality "1"]

1. e4 e5 2. Nf3 f5 3. Nxe5 Qf6 4. Nc4 fxe4 5. Nc3 Qe6 6. Ne3 c6 7. d4 d5 8. Be2 Qf7 9. 0-0 Nf6 10. f3 exf3 11. Bxf3 Be6 12. Qe2 Be7 13. Bd2 Nbd7 14. Rae1 Nb6 15. Ng4 Bd7 16. Nxf6+ 1-0

[Event "Cullera op-A 25th"]
[Site "Cullera"]
[Date "2004.07.28"]
[Round "8"]
[White "Selva Salvador, Antonio"]
[Black "Crecente Penalba, Jose Manuel"]
[Result "0-1"]
[WhiteElo "2032"]
[BlackElo "2135"]
[PlyCount "50"]
[EventDate "2004.07.??"]
[EventType "swiss"]
[EventRounds "9"]
[EventCountry "ESP"]
[SourceTitle "CBM 101 Extra"]
[Source "ChessBase"]
[SourceDate "2004.09.01"]
[SourceVersion "2"]
[SourceVersionDate "2004.09.01"]
[SourceQuality "1"]

1. c4 c6 2. Nc3 d5 3. d4 Nf6 4. Nf3 dxc4 5. e4 b5 6. e5 Nd5 7. Ne4 Bf5 8. Ng3 Bg4 9. h3 Bxf3 10. Qxf3 Nb4 11. Qd1 Qxd4 12. Qxd4 Nc2+ 13. Kd1 Nxd4 14. Be3 Na6 15. Ne2 Nf5 16. Bd2 e6 17. g4 Nh4 18. Bg5 Be7 19. Bxh4 Bxh4 20. Bg2 Rd8+ 21. Ke1 Nb4 22. Kf1 0-0 23. a3 Nd5 24. Nd4 Nf4 25. Nxc6 Rd2 0-1